[Event "Florianopolis op-C"]
[Site "Florianopolis"]
[Date "2023.09.23"]
[Round "4"]
[White "Arosteguy, Vitor Augusto Colac"]
[Black "Freitas, Thiago Thiesen"]
[Result "0-1"]
[WhiteElo "1417"]
[BlackElo "1837"]
[PlyCount "84"]
[EventDate "2023.09.22"]
[EventType "swiss"]
[EventRounds "6"]
[EventCountry "BRA"]
[SourceTitle "EXT 2024"]
[Source "ChessBase"]
[SourceDate "2023.10.10"]
[SourceVersion "1"]
[SourceVersionDate "2023.10.10"]
[SourceQuality "1"]

1. e4 c5 2. Nf3 Nc6 3. d4 cxd4 4. Nxd4 Nf6 5. Nc3 d6 6. Bb5 Bd7 7. Be3 a6 8. Ba4 b5 9. Bb3 e6 10. Qd2 Qc7 11. f3 Ne5 12. a3 Rc8 13. 0-0 Nc4 14. Bxc4 Qxc4 15. Qd3 Qc7 16. Bg5 Be7 17. Rad1 0-0 18. Rfe1 h6 19. Bh4 Rfd8 20. Rd2 Qc5 21. Kh1 Qh5 22. Bg3 e5 23. Nb3 Be6 24. Red1 d5 25. exd5 Nxd5 26. Nxd5 Rxd5 27. Qe4 Rxd2 28. Rxd2 Bxb3 29. Qb7 Qf5 30. Qxe7 Rxc2 31. Rxc2 Qxc2 32. h3 f6 33. Qd6 Qd1+ 34. Qxd1 Bxd1 35. Kg1 Kf7 36. Kf1 Ba4 37. Ke1 Ke6 38. Kd2 Kd5 39. Kd3 Bb3 40. Be1 Bc4+ 41. Ke3 Bf1 42. g3 Bxh3 0-1